00574nmm a2200169Ia 4500008004100000020001800041041000800059100003200067245004600099264008400145300001800229490005100247650003100298856005100329942000700380999001700387251105s9999||||xx |||||||||||||||||und|| a9788437096681 aspa aFernández de Castro, Alex 0aLa masía, un Miró para Mrs. Hemingway a[Madrid, España] :bPublicaciones de la Universidad de Valencia (PUV), c2015 a400 páginas aBiblioteca Javier Coy d'estudis Nord-Americans aPainting & Decorative Arts uhttps://public.digitaliapublishing.com/a/39414 cCF c82687d82687